[Event "DVM U14w 2018"]
[Site "Neumünster GER"]
[Date "2018.12.30"]
[Round "7"]
[White "Ziegenfuß, Antonia"]
[Black "Krömer, Paulina"]
[Result "1-0"]
[Termination "normal"]
[Board "1.1"]
[WhiteElo "1949"]
[BlackElo "1525"]
[WhiteClock "00:18:07"]
[BlackClock "01:11:28"]
[WhiteTeam "OSG Baden-Baden"]
[BlackTeam "SG Blau-Weiß Stadtilm"]
[PlyCount "115"]
[WhiteFideId "12962554"]
[BlackFideId "16212363"]
[EventCountry "GER"]
[EventRounds "7"]
[EventType "team-swiss"]
[EventDate "2018.12.26"]

1. d4 {[%clk 01:30:57]} {[%emt 00:00:02]} Nf6 {[%clk 01:30:55]} {[%emt
00:00:06]} 2. c4 {[%clk 01:31:23]} {[%emt 00:00:05]} e6 {[%clk 01:31:19]}
{[%emt 00:00:05]} 3. Nc3 {[%clk 01:31:49]} {[%emt 00:00:04]} Bb4 {[%clk
01:31:44]} {[%emt 00:00:05]} 4. f3 {[%clk 01:32:14]} {[%emt 00:00:05]} d5
{[%clk 01:32:06]} {[%emt 00:00:08]} 5. a3 {[%clk 01:32:39]} {[%emt 00:00:04]}
Bxc3+ {[%clk 01:32:31]} {[%emt 00:00:06]} 6. bxc3 {[%clk 01:33:04]} {[%emt
00:00:04]} c5 {[%clk 01:32:58]} {[%emt 00:00:04]} 7. cxd5 {[%clk 01:32:48]}
{[%emt 00:00:45]} Nxd5 {[%clk 01:33:21]} {[%emt 00:00:08]} 8. Qd3 {[%clk
01:31:56]} {[%emt 00:01:21]} O-O {[%clk 01:33:00]} {[%emt 00:00:52]} 9. e4
{[%clk 01:30:44]} {[%emt 00:01:42]} Nb6 {[%clk 01:32:25]} {[%emt 00:01:04]} 10.
Be3 {[%clk 01:28:40]} {[%emt 00:02:34]} cxd4 {[%clk 01:32:31]} {[%emt
00:00:25]} 11. cxd4 {[%clk 01:28:34]} {[%emt 00:00:36]} Nc6 {[%clk 01:32:39]}
{[%emt 00:00:22]} 12. Qd2 {[%clk 01:18:28]} {[%emt 00:10:36]} f5 {[%clk
01:27:04]} {[%emt 00:06:04]} 13. Nh3 {[%clk 01:04:49]} {[%emt 00:14:10]} fxe4
{[%clk 01:24:08]} {[%emt 00:03:26]} 14. Ng5 {[%clk 00:54:40]} {[%emt 00:10:39]}
exf3 {[%clk 01:20:04]} {[%emt 00:04:34]} 15. Bd3 {[%clk 00:37:31]} {[%emt
00:17:38]} e5 {[%clk 01:08:00]} {[%emt 00:12:34]} 16. Bxh7+ {[%clk 00:28:29]}
{[%emt 00:09:32]} Kh8 {[%clk 01:08:16]} {[%emt 00:00:14]} 17. Bg6 {[%clk
00:13:05]} {[%emt 00:15:53]} exd4 {[%clk 01:06:06]} {[%emt 00:02:41]} 18. Qf2
{[%clk 00:12:16]} {[%emt 00:01:19]} Kg8 {[%clk 01:05:08]} {[%emt 00:01:28]} 19.
Bh7+ {[%clk 00:12:20]} {[%emt 00:00:26]} Kh8 {[%clk 01:05:27]} {[%emt
00:00:11]} 20. Qh4 {[%clk 00:11:03]} {[%emt 00:01:48]} Rf6 {[%clk 01:04:28]}
{[%emt 00:01:29]} 21. Bg6+ {[%clk 00:06:53]} {[%emt 00:04:40]} Kg8 {[%clk
01:04:44]} {[%emt 00:00:14]} 22. Qh7+ {[%clk 00:07:03]} {[%emt 00:00:19]} Kf8
{[%clk 01:05:07]} {[%emt 00:00:07]} 23. Qh8+ {[%clk 00:07:24]} {[%emt
00:00:09]} Ke7 {[%clk 01:05:27]} {[%emt 00:00:10]} 24. Qxg7+ {[%clk 00:07:48]}
{[%emt 00:00:06]} Kd6 {[%clk 01:05:38]} {[%emt 00:00:19]} 25. Nf7+ {[%clk
00:03:21]} {[%emt 00:04:58]} Rxf7 {[%clk 01:05:29]} {[%emt 00:00:39]} 26. Qxf7
{[%clk 00:03:29]} {[%emt 00:00:21]} fxg2 {[%clk 01:01:58]} {[%emt 00:04:02]}
27. Bf4+ {[%clk 00:02:42]} {[%emt 00:01:17]} Ne5 {[%clk 01:02:05]} {[%emt
00:00:23]} 28. Rg1 {[%clk 00:02:19]} {[%emt 00:00:52]} Qh4+ {[%clk 01:00:34]}
{[%emt 00:02:02]} 29. Bg3 {[%clk 00:01:18]} {[%emt 00:01:31]} Qxg3+ {[%emt
00:01:28]} 30. hxg3 {[%emt 00:00:06]} Nxf7 {[%clk 00:59:21]} {[%emt 00:00:08]}
31. Bxf7 {[%clk 00:01:43]} {[%emt 00:00:05]} Bh3 {[%clk 00:59:19]} {[%emt
00:00:33]} 32. Rd1 {[%clk 00:01:12]} {[%emt 00:01:01]} Ke5 {[%clk 00:58:38]}
{[%emt 00:01:10]} 33. Rd2 {[%emt 00:00:41]} Rf8 {[%clk 00:57:17]} {[%emt
00:01:48]} 34. Re2+ {[%clk 00:01:21]} {[%emt 00:00:14]} Kd6 {[%clk 00:57:25]}
{[%emt 00:00:22]} 35. Rf2 {[%clk 00:01:44]} {[%emt 00:00:06]} Nd7 {[%clk
00:55:48]} {[%emt 00:02:07]} 36. Bh5 {[%clk 00:01:20]} {[%emt 00:00:55]} Rxf2
{[%clk 00:53:55]} {[%emt 00:02:23]} 37. Kxf2 {[%clk 00:01:46]} {[%emt
00:00:04]} Ne5 {[%clk 00:53:56]} {[%emt 00:00:30]} 38. Bf3 {[%clk 00:01:28]}
{[%emt 00:00:46]} Ng4+ {[%clk 00:53:51]} {[%emt 00:00:35]} 39. Bxg4 {[%clk
00:01:23]} {[%emt 00:00:35]} Bxg4 {[%clk 00:54:17]} {[%emt 00:00:05]} 40. Rxg2
{[%clk 00:01:33]} {[%emt 00:00:20]} d3 {[%clk 00:54:20]} {[%emt 00:00:27]} 41.
Ke3 {[%clk 00:01:03]} {[%emt 00:01:00]} Be2 {[%clk 00:54:45]} {[%emt 00:00:05]}
42. Rh2 {[%clk 00:21:16]} {[%emt 00:10:16]} b5 {[%clk 01:24:04]} {[%emt
00:01:11]} 43. Rh7 {[%clk 00:16:14]} {[%emt 00:05:32]} a5 {[%clk 01:22:11]}
{[%emt 00:02:24]} 44. Ra7 {[%clk 00:16:20]} {[%emt 00:00:24]} a4 {[%clk
01:22:15]} {[%emt 00:00:26]} 45. Ra8 {[%clk 00:15:52]} {[%emt 00:00:57]} Kc5
{[%clk 01:18:00]} {[%emt 00:04:46]} 46. Rc8+ {[%clk 00:15:32]} {[%emt
00:00:49]} Kd5 {[%clk 01:18:24]} {[%emt 00:00:06]} 47. Rc3 {[%clk 00:15:28]}
{[%emt 00:00:34]} Bf1 {[%clk 01:15:31]} {[%emt 00:03:24]} 48. Rxd3+ {[%clk
00:15:08]} {[%emt 00:00:50]} Bxd3 {[%clk 01:15:55]} {[%emt 00:00:06]} 49. Kxd3
{[%clk 00:15:32]} {[%emt 00:00:06]} Ke5 {[%clk 01:10:32]} {[%emt 00:05:53]} 50.
Kc3 {[%clk 00:15:52]} {[%emt 00:00:10]} Kf5 {[%clk 01:10:50]} {[%emt 00:00:13]}
51. Kb4 {[%clk 00:16:17]} {[%emt 00:00:04]} Kg4 {[%clk 01:11:15]} {[%emt
00:00:04]} 52. Kxb5 {[%clk 00:16:42]} {[%emt 00:00:05]} Kxg3 {[%clk 01:11:39]}
{[%emt 00:00:07]} 53. Kxa4 {[%clk 00:17:08]} {[%emt 00:00:04]} Kf4 {[%clk
01:11:50]} {[%emt 00:00:19]} 54. Kb5 {[%clk 00:17:11]} {[%emt 00:00:27]} Ke5
{[%clk 01:10:32]} {[%emt 00:01:47]} 55. Kc6 {[%clk 00:17:01]} {[%emt 00:00:40]}
Ke6 {[%clk 01:10:53]} {[%emt 00:00:09]} 56. a4 {[%clk 00:17:27]} {[%emt
00:00:06]} Ke7 {[%clk 01:11:03]} {[%emt 00:00:20]} 57. a5 {[%clk 00:17:48]}
{[%emt 00:00:08]} Kd8 {[%clk 01:11:28]} {[%emt 00:00:04]} 58. a6 {[%clk
00:18:07]} {[%emt 00:00:12]} 1-0

[Event "DVM U14w 2018"]
[Site "Neumünster GER"]
[Date "2018.12.30"]
[Round "7"]
[White "Schmidt, Pauline"]
[Black "Doll, Rebecca"]
[Result "1/2-1/2"]
[Termination "normal"]
[Board "1.2"]
[WhiteElo "1504"]
[BlackElo "1764"]
[WhiteClock "00:27:29"]
[BlackClock "00:27:18"]
[WhiteTeam "SG Blau-Weiß Stadtilm"]
[BlackTeam "OSG Baden-Baden"]
[PlyCount "107"]
[WhiteFideId "16209850"]
[BlackFideId "16236890"]
[EventCountry "GER"]
[EventRounds "7"]
[EventType "team-swiss"]
[EventDate "2018.12.26"]

1. e4 {[%clk 01:30:58]} {[%emt 00:00:01]} e5 {[%clk 01:30:56]} {[%emt
00:00:05]} 2. Nf3 {[%clk 01:31:22]} {[%emt 00:00:05]} Nc6 {[%clk 01:31:21]}
{[%emt 00:00:05]} 3. Bc4 {[%clk 01:31:45]} {[%emt 00:00:07]} Bc5 {[%clk
01:31:44]} {[%emt 00:00:08]} 4. c3 {[%clk 01:32:07]} {[%emt 00:00:08]} Nf6
{[%clk 01:32:07]} {[%emt 00:00:06]} 5. d4 {[%clk 01:32:28]} {[%emt 00:00:09]}
exd4 {[%clk 01:32:29]} {[%emt 00:00:08]} 6. O-O {[%clk 01:32:48]} {[%emt
00:00:10]} Nxe4 {[%clk 01:32:21]} {[%emt 00:00:38]} 7. cxd4 {[%clk 01:33:07]}
{[%emt 00:00:11]} d5 {[%clk 01:32:39]} {[%emt 00:00:13]} 8. dxc5 {[%clk
01:33:20]} {[%emt 00:00:17]} dxc4 {[%clk 01:33:03]} {[%emt 00:00:06]} 9. Qe2
{[%clk 01:33:39]} {[%emt 00:00:11]} Qd3 {[%clk 01:32:57]} {[%emt 00:00:36]} 10.
Re1 {[%clk 01:33:56]} {[%emt 00:00:12]} f5 {[%clk 01:33:02]} {[%emt 00:00:25]}
11. Nbd2 {[%clk 01:34:08]} {[%emt 00:00:17]} O-O {[%clk 01:33:17]} {[%emt
00:00:16]} 12. Nxe4 {[%clk 01:34:14]} {[%emt 00:00:24]} fxe4 {[%clk 01:33:40]}
{[%emt 00:00:07]} 13. Qxe4 {[%clk 01:34:34]} {[%emt 00:00:10]} Bf5 {[%clk
01:33:57]} {[%emt 00:00:13]} 14. Qh4 {[%clk 01:34:42]} {[%emt 00:00:21]} Nb4
{[%clk 01:11:17]} {[%emt 00:23:09]} 15. Bf4 {[%clk 01:25:17]} {[%emt 00:09:57]}
Nc2 {[%clk 00:56:31]} {[%emt 00:15:16]} 16. Rad1 {[%clk 01:25:24]} {[%emt
00:00:23]} Nxe1 {[%clk 00:56:28]} {[%emt 00:00:33]} 17. Rxd3 {[%clk 01:25:47]}
{[%emt 00:00:07]} Nxd3 {[%clk 00:56:51]} {[%emt 00:00:07]} 18. Bxc7 {[%clk
01:25:12]} {[%emt 00:01:05]} Nxc5 {[%clk 00:52:02]} {[%emt 00:05:19]} 19. Qxc4+
{[%clk 01:21:33]} {[%emt 00:04:10]} Ne6 {[%clk 00:50:27]} {[%emt 00:02:04]} 20.
Nd4 {[%clk 01:19:22]} {[%emt 00:02:41]} Rae8 {[%clk 00:47:38]} {[%emt
00:03:18]} 21. h3 {[%clk 01:15:38]} {[%emt 00:04:15]} Rf7 {[%clk 00:41:28]}
{[%emt 00:06:39]} 22. Nxe6 {[%clk 01:10:14]} {[%emt 00:05:55]} Bxe6 {[%clk
00:41:43]} {[%emt 00:00:15]} 23. Qa4 {[%clk 01:10:03]} {[%emt 00:00:41]} Rc8
{[%clk 00:34:19]} {[%emt 00:07:53]} 24. Bg3 {[%clk 01:08:40]} {[%emt 00:01:54]}
b6 {[%clk 00:32:55]} {[%emt 00:01:55]} 25. b3 {[%clk 01:07:06]} {[%emt
00:02:04]} Rd7 {[%clk 00:29:01]} {[%emt 00:04:22]} 26. Qe4 {[%clk 01:01:38]}
{[%emt 00:06:00]} Bf7 {[%clk 00:28:18]} {[%emt 00:01:11]} 27. Kh2 {[%clk
00:59:07]} {[%emt 00:03:02]} Rdd8 {[%clk 00:21:29]} {[%emt 00:07:18]} 28. Qb7
{[%clk 00:53:53]} {[%emt 00:05:45]} Ra8 {[%clk 00:20:43]} {[%emt 00:01:15]} 29.
Be5 {[%clk 00:51:48]} {[%emt 00:02:36]} Re8 {[%clk 00:16:43]} {[%emt 00:04:30]}
30. f4 {[%clk 00:49:28]} {[%emt 00:02:50]} Red8 {[%clk 00:11:36]} {[%emt
00:05:36]} 31. f5 {[%clk 00:46:31]} {[%emt 00:03:28]} Re8 {[%clk 00:07:45]}
{[%emt 00:04:22]} 32. f6 {[%clk 00:41:57]} {[%emt 00:05:04]} Rad8 {[%clk
00:07:02]} {[%emt 00:01:12]} 33. Qe4 {[%clk 00:37:04]} {[%emt 00:05:23]} gxf6
{[%clk 00:05:29]} {[%emt 00:02:03]} 34. Qg4+ {[%clk 00:37:20]} {[%emt
00:00:14]} Bg6 {[%clk 00:05:34]} {[%emt 00:00:26]} 35. Bxf6 {[%clk 00:36:53]}
{[%emt 00:00:56]} Rc8 {[%clk 00:04:24]} {[%emt 00:01:40]} 36. Qd7 {[%clk
00:36:04]} {[%emt 00:01:19]} Bf7 {[%clk 00:04:24]} {[%emt 00:00:30]} 37. Qxa7
{[%clk 00:32:06]} {[%emt 00:04:28]} Rc6 {[%clk 00:04:04]} {[%emt 00:00:49]} 38.
Bd4 {[%clk 00:29:34]} {[%emt 00:03:02]} Rg6 {[%clk 00:02:23]} {[%emt 00:02:11]}
39. Qb7 {[%clk 00:25:00]} {[%emt 00:05:05]} Ree6 {[%clk 00:01:15]} {[%emt
00:01:37]} 40. a4 {[%clk 00:17:52]} {[%emt 00:07:40]} Re2 {[%clk 00:01:02]}
{[%emt 00:00:42]} 41. b4 {[%clk 00:15:56]} {[%emt 00:02:26]} Rexg2+ {[%clk
00:26:03]} {[%emt 00:05:29]} 42. Qxg2 {[%clk 00:45:09]} {[%emt 00:01:17]} Rxg2+
{[%clk 00:26:27]} {[%emt 00:00:06]} 43. Kxg2 {[%clk 00:45:35]} {[%emt
00:00:03]} Bb3 {[%clk 00:26:44]} {[%emt 00:00:14]} 44. Bxb6 {[%clk 00:45:24]}
{[%emt 00:00:42]} Bxa4 {[%clk 00:27:07]} {[%emt 00:00:07]} 45. h4 {[%clk
00:43:49]} {[%emt 00:02:04]} Kf7 {[%clk 00:26:28]} {[%emt 00:01:08]} 46. Kf3
{[%clk 00:42:03]} {[%emt 00:02:17]} Ke6 {[%clk 00:26:02]} {[%emt 00:00:56]} 47.
Kg4 {[%clk 00:41:23]} {[%emt 00:01:09]} Kd5 {[%clk 00:25:25]} {[%emt 00:01:07]}
48. Kh5 {[%clk 00:41:11]} {[%emt 00:00:43]} Kc4 {[%clk 00:25:34]} {[%emt
00:00:21]} 49. Bc5 {[%clk 00:39:54]} {[%emt 00:01:47]} Bc2 {[%clk 00:25:53]}
{[%emt 00:00:11]} 50. Kh6 {[%clk 00:37:13]} {[%emt 00:03:12]} Bb1 {[%clk
00:26:12]} {[%emt 00:00:11]} 51. Kg7 {[%clk 00:32:38]} {[%emt 00:05:04]} Kb5
{[%clk 00:26:33]} {[%emt 00:00:09]} 52. Kf6 {[%clk 00:31:01]} {[%emt 00:02:07]}
Bc2 {[%clk 00:26:54]} {[%emt 00:00:10]} 53. Ke6 {[%clk 00:27:35]} {[%emt
00:03:54]} Bb1 {[%clk 00:27:18]} {[%emt 00:00:07]} 54. Kd5 {[%clk 00:27:29]}
{[%emt 00:00:36]} 1/2-1/2

[Event "DVM U14w 2018"]
[Site "Neumünster GER"]
[Date "2018.12.30"]
[Round "7"]
[White "Visvikis, Kassandra"]
[Black "Wilhelm, Anna-Lena"]
[Result "1-0"]
[Termination "normal"]
[Board "1.3"]
[WhiteElo "1494"]
[BlackElo "1131"]
[WhiteClock "01:04:14"]
[BlackClock "00:06:51"]
[WhiteTeam "OSG Baden-Baden"]
[BlackTeam "SG Blau-Weiß Stadtilm"]
[PlyCount "67"]
[WhiteFideId "36052167"]
[BlackFideId "16230094"]
[EventCountry "GER"]
[EventRounds "7"]
[EventType "team-swiss"]
[EventDate "2018.12.26"]

1. e4 {[%clk 01:30:59]} c5 {[%clk 01:30:53]} {[%emt 00:00:08]} 2. Nf3 {[%clk
01:31:22]} {[%emt 00:00:05]} d6 {[%clk 01:31:17]} {[%emt 00:00:08]} 3. d4
{[%clk 01:31:46]} {[%emt 00:00:05]} cxd4 {[%clk 01:31:41]} {[%emt 00:00:07]} 4.
Nxd4 {[%clk 01:32:08]} {[%emt 00:00:08]} Nf6 {[%clk 01:32:00]} {[%emt
00:00:11]} 5. Nc3 {[%clk 01:32:26]} {[%emt 00:00:11]} a6 {[%clk 01:32:24]}
{[%emt 00:00:07]} 6. f3 {[%clk 01:32:06]} {[%emt 00:00:49]} e5 {[%clk
01:32:37]} {[%emt 00:00:18]} 7. Nb3 {[%clk 01:32:23]} {[%emt 00:00:12]} Be6
{[%clk 01:31:11]} {[%emt 00:01:56]} 8. Be3 {[%clk 01:30:50]} {[%emt 00:02:03]}
Be7 {[%clk 01:29:13]} {[%emt 00:02:29]} 9. Bd3 {[%clk 01:29:40]} {[%emt
00:01:39]} Nbd7 {[%clk 01:25:40]} {[%emt 00:04:04]} 10. O-O {[%clk 01:26:16]}
{[%emt 00:03:54]} O-O {[%clk 01:19:44]} {[%emt 00:06:26]} 11. Qe1 {[%clk
01:24:32]} {[%emt 00:02:13]} Rc8 {[%clk 01:02:59]} {[%emt 00:17:15]} 12. Rd1
{[%clk 01:19:47]} {[%emt 00:05:14]} d5 {[%clk 00:57:07]} {[%emt 00:06:23]} 13.
exd5 {[%clk 01:17:33]} {[%emt 00:02:44]} Bxd5 {[%clk 00:57:11]} {[%emt
00:00:27]} 14. Nxd5 {[%clk 01:17:15]} {[%emt 00:00:47]} Nxd5 {[%clk 00:57:28]}
{[%emt 00:00:14]} 15. Bxh7+ {[%clk 01:17:21]} {[%emt 00:00:23]} Kxh7 {[%clk
00:53:50]} {[%emt 00:04:08]} 16. Rxd5 {[%clk 01:17:42]} {[%emt 00:00:09]} Rxc2
{[%clk 00:47:27]} {[%emt 00:06:54]} 17. Qd1 {[%clk 01:17:48]} {[%emt 00:00:24]}
Rc7 {[%clk 00:45:24]} {[%emt 00:01:33]} 18. Bb6 {[%clk 01:18:03]} {[%emt
00:01:15]} Rc1 {[%clk 00:41:09]} {[%emt 00:04:45]} 19. Bxd8 {[%clk 01:17:13]}
{[%emt 00:01:20]} Rxd1 {[%clk 00:35:08]} {[%emt 00:06:30]} 20. Rfxd1 {[%clk
01:17:37]} {[%emt 00:00:06]} Bxd8 {[%clk 00:33:16]} {[%emt 00:02:23]} 21. Rxd7
{[%clk 01:17:54]} {[%emt 00:00:12]} Bb6+ {[%clk 00:32:52]} {[%emt 00:00:54]}
22. Kf1 {[%clk 01:17:37]} {[%emt 00:00:47]} Rc8 {[%clk 00:25:39]} {[%emt
00:07:38]} 23. Rc1 {[%clk 01:14:27]} {[%emt 00:03:46]} Re8 {[%clk 00:23:26]}
{[%emt 00:02:38]} 24. Rxb7 {[%clk 01:12:53]} {[%emt 00:02:08]} Be3 {[%clk
00:22:26]} {[%emt 00:01:29]} 25. Rc3 {[%clk 01:12:05]} {[%emt 00:01:18]} Bg5
{[%clk 00:19:30]} {[%emt 00:03:25]} 26. Rxf7 {[%clk 01:10:24]} {[%emt
00:02:14]} Kg6 {[%clk 00:14:36]} {[%emt 00:05:24]} 27. Rfc7 {[%clk 01:08:22]}
{[%emt 00:02:27]} Bf6 {[%clk 00:10:30]} {[%emt 00:04:40]} 28. R7c6 {[%clk
01:05:52]} {[%emt 00:03:01]} Ra8 {[%clk 00:09:37]} {[%emt 00:01:21]} 29. Nc5
{[%clk 01:05:51]} {[%emt 00:00:32]} a5 {[%clk 00:09:33]} {[%emt 00:00:35]} 30.
Ne4 {[%clk 01:06:13]} {[%emt 00:00:08]} Kf7 {[%clk 00:07:37]} {[%emt 00:02:26]}
31. Nxf6 {[%clk 01:06:10]} {[%emt 00:00:32]} gxf6 {[%clk 00:07:55]} {[%emt
00:00:12]} 32. Rb3 {[%clk 01:04:49]} {[%emt 00:01:51]} Ra7 {[%clk 00:06:31]}
{[%emt 00:01:54]} 33. Rbb6 {[%clk 01:05:01]} {[%emt 00:00:19]} f5 {[%clk
00:06:51]} {[%emt 00:00:09]} 34. Rf6+ {[%clk 01:04:14]} {[%emt 00:01:17]} 1-0

[Event "DVM U14w 2018"]
[Site "Neumünster GER"]
[Date "2018.12.30"]
[Round "7"]
[White "Stephan, Lia"]
[Black "Nanthivarman, Merymuthu"]
[Result "1-0"]
[Termination "normal"]
[Board "1.4"]
[WhiteElo "1098"]
[BlackElo "1202"]
[WhiteClock "00:34:07"]
[BlackClock "01:05:12"]
[WhiteTeam "SG Blau-Weiß Stadtilm"]
[BlackTeam "OSG Baden-Baden"]
[PlyCount "111"]
[WhiteFideId "16230116"]
[BlackFideId "16255755"]
[EventCountry "GER"]
[EventRounds "7"]
[EventType "team-swiss"]
[EventDate "2018.12.26"]

1. e4 {[%emt 00:00:01]} c5 {[%clk 01:30:53]} {[%emt 00:00:06]} 2. Nc3 {[%clk
01:30:55]} {[%emt 00:00:05]} Nc6 {[%clk 01:31:17]} {[%emt 00:00:06]} 3. Nge2
{[%clk 01:31:19]} {[%emt 00:00:05]} g6 {[%clk 01:31:40]} {[%emt 00:00:07]} 4.
g3 {[%clk 01:31:28]} {[%emt 00:00:22]} Bg7 {[%clk 01:32:04]} {[%emt 00:00:06]}
5. Bg2 {[%clk 01:31:23]} {[%emt 00:00:34]} e6 {[%clk 01:32:21]} {[%emt
00:00:14]} 6. h4 {[%clk 01:31:27]} {[%emt 00:00:25]} f5 {[%clk 01:29:42]}
{[%emt 00:03:10]} 7. d3 {[%clk 01:29:22]} {[%emt 00:02:36]} Qc7 {[%clk
01:24:10]} {[%emt 00:06:01]} 8. Be3 {[%clk 01:20:41]} {[%emt 00:09:12]} d6
{[%clk 01:24:15]} {[%emt 00:00:24]} 9. Nf4 {[%clk 01:16:03]} {[%emt 00:05:08]}
Bxc3+ {[%clk 01:22:28]} {[%emt 00:02:16]} 10. bxc3 {[%clk 01:15:50]} {[%emt
00:00:44]} Nge7 {[%clk 01:22:40]} {[%emt 00:00:18]} 11. h5 {[%clk 01:15:13]}
{[%emt 00:01:06]} e5 {[%clk 01:22:55]} {[%emt 00:00:16]} 12. Nd5 {[%clk
01:13:46]} {[%emt 00:01:57]} Nxd5 {[%clk 01:23:18]} {[%emt 00:00:06]} 13. exd5
{[%emt 00:00:08]} Ne7 {[%clk 01:23:32]} {[%emt 00:00:13]} 14. hxg6 {[%clk
01:13:57]} {[%emt 00:00:45]} Nxg6 {[%clk 01:23:50]} {[%emt 00:00:11]} 15. Qh5
{[%clk 01:13:00]} {[%emt 00:01:28]} Qf7 {[%clk 01:20:28]} {[%emt 00:03:51]} 16.
f4 {[%clk 01:00:12]} {[%emt 00:13:19]} Qe7 {[%clk 01:17:58]} {[%emt 00:02:59]}
17. O-O-O {[%clk 00:59:36]} {[%emt 00:01:07]} Kd8 {[%clk 01:16:53]} {[%emt
00:01:34]} 18. fxe5 {[%clk 00:59:11]} {[%emt 00:00:56]} Qxe5 {[%clk 01:17:08]}
{[%emt 00:00:15]} 19. Bd2 {[%clk 00:55:49]} {[%emt 00:03:52]} Qxg3 {[%clk
01:15:49]} {[%emt 00:01:49]} 20. Qg5+ {[%clk 00:52:32]} {[%emt 00:03:47]} Qxg5
{[%clk 01:16:00]} {[%emt 00:00:19]} 21. Bxg5+ {[%clk 00:52:57]} {[%emt
00:00:05]} Kc7 {[%clk 01:16:22]} {[%emt 00:00:08]} 22. Kd2 {[%clk 00:51:06]}
{[%emt 00:02:21]} Bd7 {[%clk 01:15:09]} {[%emt 00:01:43]} 23. Rhe1 {[%clk
00:50:26]} {[%emt 00:01:09]} h5 {[%clk 01:14:31]} {[%emt 00:01:09]} 24. Bh3
{[%clk 00:50:18]} {[%emt 00:00:38]} f4 {[%clk 01:13:53]} {[%emt 00:01:07]} 25.
Rh1 {[%clk 00:42:53]} {[%emt 00:07:56]} Bxh3 {[%clk 01:13:28]} {[%emt
00:00:55]} 26. Rxh3 {[%clk 00:43:16]} {[%emt 00:00:07]} Rae8 {[%clk 01:13:14]}
{[%emt 00:00:43]} 27. Rf1 {[%clk 00:42:57]} {[%emt 00:00:49]} Re5 {[%clk
01:10:01]} {[%emt 00:03:41]} 28. Bf6 {[%clk 00:39:29]} {[%emt 00:04:00]} Re3
{[%clk 01:10:12]} {[%emt 00:00:19]} 29. Rxe3 {[%clk 00:39:01]} {[%emt
00:00:59]} fxe3+ {[%clk 01:10:32]} {[%emt 00:00:09]} 30. Kxe3 {[%clk 00:39:26]}
{[%emt 00:00:06]} Rf8 {[%clk 01:10:31]} {[%emt 00:00:30]} 31. Ke2 {[%clk
00:38:29]} {[%emt 00:01:28]} Rf7 {[%clk 01:04:37]} {[%emt 00:06:22]} 32. Bd8+
{[%clk 00:36:24]} {[%emt 00:02:38]} Kxd8 {[%clk 01:04:26]} {[%emt 00:00:40]}
33. Rxf7 {[%clk 00:36:39]} {[%emt 00:00:15]} Ke8 {[%clk 01:04:43]} {[%emt
00:00:13]} 34. Rh7 {[%clk 00:36:55]} {[%emt 00:00:14]} Nf4+ {[%clk 01:04:54]}
{[%emt 00:00:18]} 35. Kf3 {[%clk 00:36:58]} {[%emt 00:00:28]} Nxd5 {[%clk
01:05:11]} {[%emt 00:00:13]} 36. c4 {[%clk 00:36:32]} {[%emt 00:00:57]} Ne7
{[%clk 01:04:24]} {[%emt 00:01:16]} 37. Rxh5 {[%clk 00:36:38]} {[%emt
00:00:24]} Nc6 {[%clk 01:04:46]} {[%emt 00:00:07]} 38. c3 {[%clk 00:35:51]}
{[%emt 00:01:17]} Kd8 {[%clk 01:04:48]} {[%emt 00:00:27]} 39. Rh7 {[%clk
00:35:40]} {[%emt 00:00:42]} Kc8 {[%clk 01:05:00]} {[%emt 00:00:18]} 40. Ke4
{[%clk 00:36:04]} {[%emt 00:00:06]} a5 {[%clk 01:05:07]} {[%emt 00:00:24]} 41.
Kd5 {[%clk 00:36:02]} {[%emt 00:00:32]} Kb8 {[%clk 01:05:12]} {[%emt 00:00:25]}
42. Kxd6 {[%clk 00:35:58]} {[%emt 00:00:34]} Ka7 {[%clk 01:05:19]} {[%emt
00:00:23]} 43. a4 {[%clk 00:36:06]} {[%emt 00:00:22]} Ka6 {[%clk 01:05:04]}
{[%emt 00:00:43]} 44. Kd5 {[%clk 00:35:58]} {[%emt 00:00:41]} Nd8 {[%clk
01:04:34]} {[%emt 00:00:59]} 45. Kxc5 {[%clk 00:32:29]} {[%emt 00:03:59]} Ka7
{[%clk 01:04:15]} {[%emt 00:00:49]} 46. d4 {[%clk 00:32:43]} {[%emt 00:00:16]}
Ne6+ {[%clk 01:04:22]} {[%emt 00:00:22]} 47. Kd6 {[%clk 00:32:49]} {[%emt
00:00:25]} Ng5 {[%clk 01:04:36]} {[%emt 00:00:15]} 48. Rg7 {[%clk 00:32:27]}
{[%emt 00:00:52]} Ne4+ {[%clk 01:04:53]} {[%emt 00:00:13]} 49. Kd7 {[%clk
00:32:44]} {[%emt 00:00:14]} Nxc3 {[%clk 01:04:45]} {[%emt 00:00:37]} 50. d5
{[%clk 00:32:53]} {[%emt 00:00:21]} Nxa4 {[%clk 01:05:07]} {[%emt 00:00:08]}
51. d6 {[%clk 00:33:15]} {[%emt 00:00:08]} Nc5 {[%clk 01:04:58]} {[%emt
00:00:39]} 52. Kc8 {[%clk 00:33:22]} {[%emt 00:00:24]} a4 {[%clk 01:04:45]}
{[%emt 00:00:43]} 53. Rg3 {[%clk 00:33:30]} {[%emt 00:00:21]} Ne4 {[%clk
01:04:30]} {[%emt 00:00:45]} 54. d7 {[%clk 00:33:45]} {[%emt 00:00:16]} Nxg3
{[%clk 01:04:53]} {[%emt 00:00:06]} 55. d8=Q {[%clk 00:34:07]} {[%emt
00:00:08]} a3 {[%clk 01:05:12]} {[%emt 00:00:12]} 56. Qa5# {[%emt 00:00:08]}
1-0